TV Show By Flashback Photo II Quiz Stats

 Plays Quiz Updated Jun 19, 2018

Score 0/18 Timer 05:00
0 Plays Today
% Correct
The Simpsons
98.6%
Star Trek: The Next Generation
97%
Frasier
86.9%
The Drew Carey Show
74.8%
Breaking Bad
74.1%
NCIS
68.5%
The Dick Van Dyke Show
62%
Heroes
52%
The Nanny
50.5%
% Correct
Firefly
50.1%
Orange Is the New Black
46%
Once Upon A Time
43.4%
Arrested Development
43.3%
Psych
27.6%
Happy Endings
23%
Supernatural
15.9%
White Collar
13.5%
Criminal Minds
10.5%

You're not logged in!

Compare scores with friends on all Sporcle quizzes.
OR
Log In

You Might Also Like...

Show Comments

Extras

Top Quizzes Today


Score Distribution

Your Account Isn't Verified!

In order to create a playlist on Sporcle, you need to verify the email address you used during registration. Go to your Sporcle Settings to finish the process.

Report this User

Report this user for behavior that violates our Community Guidelines.

Details: